00505nam a22001577a 4500003000900000005001700009007000300026008003200029020001800061040002600079100004700105245005100152260004700203300002700250500007000277DO-SdBNP20211015102957.0ta210621b 2018 pr 00| 0 eng d a9781641310628 aDO-SdBNPbspacBNPHU 1 aMéndez del Nido, Luis Benjamín,d1991-1 aPauliana /cLuis Benjamín Méndez del Nido. aSan Juan, Puerto Rico : bLúdika,c2018. a75 p. :bil. ;c16 cm. aIncluye datos biográficos del autor en la solapa de la cubierta